Vida de Sta. Rosa de Santa María, natural de Lima y Patrona del Peru

Saved in:
Bibliographic Details
Main Author: Oviedo, Luis Antonio de (autor)
Format: Book
Language:Spanish
Published: Madrid Juan García Infançon 1711
Edition:1a. ed
Subjects:
Online Access:portada
Tags: Add Tag
No Tags, Be the first to tag this record!

MARC

LEADER 00000nam a2200000 a 4500
001 UCJ6317
003 CL-VaPUC
008 070124e17110000SP |||||||||||||||||spa|d
082 0 4 |a Pe861  |b OVI  |2 21 
100 |a Oviedo, Luis Antonio de  |e autor  |9 512837 
245 1 0 |a Vida de Sta. Rosa de Santa María, natural de Lima y Patrona del Peru 
250 |a 1a. ed 
300 |a 484 p 
942 |c BK 
945 |d 20070124 00:00:00  |a rinostro 
260 |a Madrid  |b Juan García Infançon  |c 1711 
500 |a 4§.- Media pasta.- h. en b.- Port. orlada.- v. en b.- Dedicatoria.- Aprobación de la Inquisición.- Texto orlado. Al comienzo del texto, alegoría de Santa Rosa de Lima, grabado 
600 0 7 |a ROSA DE LIMA  |2 CL-VaPUC  |9 512427 
650 0 |a Poesía peruana   |9 265071 
650 7 |a HAGIOGRAFIA  |2 CL-VaPUC  |9 506102 
650 7 |a SANTOS AMERICANOS  |2 CL-VaPUC  |9 506101 
650 0 |a Literatura colonial  |9 316413 
650 7 |a LIBRO RARO  |2 CL-VaPUC  |9 504169 
650 7 |a DESCRIPCION BIBLIOFILICA  |2 CL-VaPUC  |9 504580 
650 0 |a Ilustraciones  |9 369481 
651 0 |a Perú  |9 256567 
856 7 |f UCJ6317_01.jpg  |u http://opac.pucv.cl/pucv_img/Img-6000/UCJ6317_01.jpg  |q JEPG  |2 file  |z portada 
583 |a last modification  |c 20070124 00:00:00  |k Rodrigo Vera 
999 |c 322425  |d 322423 
952 |0 0  |1 0  |4 0  |6 PE_861_000000000000000_OVI_1711  |7 0  |8 X  |9 401411  |a FDOBUD  |b FDOBUD  |d 2019-11-22  |i 1046500  |o Pe861 OVI 1711  |p 1046500  |r 2019-11-22  |w 2019-11-22  |y BK_X  |k BUD